|
|
|
|
| LEADER |
01480aam a22003378a 4500 |
| 001 |
00039954 |
| 005 |
20181227161234.0 |
| 008 |
170811s2013 ||||||Viesd |
| 020 |
# |
# |
|a 9786049131189
|c 0
|
| 041 |
0 |
# |
|a Vie
|
| 082 |
1 |
4 |
|a 910.285
|b Đ301TH
|
| 100 |
1 |
# |
|a Nguyễn, Ngọc Thạch
|
| 245 |
1 |
0 |
|b Sách chuyên khảo
|a Địa thông tin - Nguyên lý cơ bản và ứng dụng
|c Nguyễn Ngọc Thạch, Phạm Việt Hòa, Nguyễn Vũ Giang
|
| 260 |
# |
# |
|a Hà Nội
|b Khoa học Tự nhiên và Công nghệ
|c 2013
|
| 300 |
# |
# |
|b hình vẽ, bảng
|a 615 tr.
|c 24 cm
|
| 490 |
# |
# |
|a Bộ sách Chuyên khảo ứng dụng và phát triển công nghệ cao
|
| 500 |
# |
# |
|a Đầu bìa sách ghi: Viện Hàn lâm khoa học và công nghệ Việt Nam. Bộ sách Chuyên khảo ứng dụng và phát triển công nghệ cao
|
| 504 |
# |
# |
|a Thư mục: tr. 643-650
|
| 541 |
# |
# |
|a tặng, giá tiền: 290000
|
| 653 |
# |
# |
|a Hệ thống thông tin
|
| 653 |
# |
# |
|a Sách chuyên khảo
|
| 653 |
# |
# |
|a Viễn thám
|
| 653 |
# |
# |
|a Địa lí
|
| 653 |
# |
# |
|a Định vị toàn cậu
|
| 653 |
# |
# |
|a Ứng dụng
|
| 700 |
1 |
# |
|a Nguyễn, Vũ Giang
|
| 700 |
1 |
# |
|a Phạm, Việt Hòa
|
| 852 |
# |
# |
|b Kho đọc
|j KD.0022236
|
| 852 |
# |
# |
|j KD.0022236
|j KM.0023883
|j KM.0023882
|
| 910 |
# |
# |
|d 11/08/2017
|
| 980 |
# |
# |
|a Trung tâm Học liệu Lê Vũ Hùng, Trường Đại học Đồng Tháp
|